000 00636nam a2200229Ia 4500
003 OSt
005 20221007064301.0
006 a|||||r|||| 00| 0
007 ta
008 221006b |||||||| |||| 00| 0 eng d
024 _a22,221
037 _cTextual
040 _aFLL
_cFLL
_beng
041 _2eng
_aeng
082 _aZ251,83q, M7
100 _aKhera R. C.
_9685580
245 0 _aManual of stamp duty, court fees & registration fees in Delhi
260 _aDelhi
_bAllied Book Company India
_c1987
300 _axx,170p
_ccm.
942 _hZ251,83q, M7
_cTEXL
_2CC
999 _c1133594
_d1133594